• 首页
  • 本馆介绍
  • 公告通知
  • 最新文献
  • 馆藏检索
  • 电子资源
  • 读者导购
  • 参考咨询
  • 我的图书馆
  • 登录
  • 详细信息显示
  • 放入我的书架
  • 预约/预借图书
  • 作者相关作品
  • 分类相关作品
  • 丛书相关作品
  • 出版社相关作品

书目信息

  • 表格格式
  • 工作单格式
  • 卡片格式
题名:
新编趣味物理
    
 
作者: 徐启华 编
分册:  
出版信息: 北京   中国农业出版社  1984
页数: 204页
开本: 20cm
丛书名:
单 册:
中图分类: O4-49
科图分类:
主题词: 物理学
电子资源:
ISBN:
000 00502nam0 2200193 45
001 0312221749
005 20060427153018.65
010    @dCNY0.92
091    @a13216.14
100    @a20031222d1984 km y0chiy0120 ea
101    @achi
200 1  @a新编趣味物理@AXin Bian Qu Wei Wu Li@f徐启华编@FXu Qi Hua Bian
210    @a北京@c中国农业出版社@d1984
215    @a204页@c插图@d20cm
606 0  @a物理学
690    @aO4-49@v3
701 0  @a徐启华@4编
801    @aCN@bTSTCL@c20060427
905    @a213230@dO4-49@e104
    
    新编趣味物理/徐启华编.-北京:中国农业出版社,1984
    204页:插图;20cm
    
    
    ISBN :CNY0.92
    
●
相关链接 在E读中查询图书 在五车中查询图书 在当当中查询图书 在豆瓣中查询图书


正题名:新编趣味物理     索取号:O4-49/104         预约/预借

序号 登录号 条形码 馆藏地/架位号 状态 备注
1 0124184   202298156   密集书库/ [索取号:O4-49/104] 在馆    
2 0124185   000391622   密集书库/ [索取号:O4-49/104] 在馆    
3 0124186   202184233   密集书库/ [索取号:O4-49/104] 在馆    
4 0124187   202298147   密集书库/ [索取号:O4-49/104] 在馆    
5 0124188   202298192   密集书库/ [索取号:O4-49/104] 在馆    
6 0124189   000391640   第三借阅区/ [索取号:O4-49/104] 在馆    
7 0124190   202298227   密集书库/ [索取号:O4-49/104] 在馆    
8 0124191   000391631   第三借阅区/ [索取号:O4-49/104] 在馆    
9 0124192   000391613   第三借阅区/ [索取号:O4-49/104] 在馆    
10 0124193   202298183   密集书库/ [索取号:O4-49/104] 在馆    
11 0124194   202298218   密集书库/ [索取号:O4-49/104] 在馆    
12 0124195   000391695   第二样本阅览室/ [索取号:O4-49/104] 在馆    
13 0124196   202298245   密集书库/ [索取号:O4-49/104] 在馆    
14 0124197   202298254   密集书库/ [索取号:O4-49/104] 在馆    
唐山师范学院图书馆 欢迎您!
大连网信软件有限公司© 版权所有